1693 1539 1412 1362 1714 1617 1457 1394 1572 1555 1739 1487 1952 1236 1997 1569 1975 1600 1260 1657 1217 1172 1562 1155 1409 1752 1106 1484 1504 1800 1913 1189 1477 1274 1752 1712 1204 1643 1450 1901 1509 1006 1892 1672 1211 1895 1842 1011 1874 1055 1217 1595 1652 1188 1037 1962 1742 1161 1459 1028 1306 1794 1007 1466 1091 1507 1289 1730 1340 1042 1007 1925 1972 1382 1920 1099 1333 1373 1699 1222 1361 1098 1832 1591 1747 1550 1637 1504 1560 1038 1296 1705 1031 1971 1917 1522 1923 1928 1449 BCNSPRNW ULIB Ver.6.0+V

เปลี่ยนเป็นภาษาไทย

Change to English
 แสดงรายละเอียดบรรณานุกรม
  กลับหน้าหลัก

Brief Record : Get Marc (ISO 2709) : E-mail record : QR code < ปิดหน้าต่าง
LEADER : 00000nam 2200000uu 4500
001    13399107699
003     ULIB
008    110124s2552||||th 000 0 tha d
020    9789746520416 (ล.2)
060 04 WY100^bค336ก 2552 ล.2
100 1  คาร์เปนนิโต-โมเยท, ลินดา จูอัล
245 10 การวางแผนและบันทึกทางการพยาบาล เล่ม2=^bNursing care plans &documentation : Nursing diagnoses and collaborative problems /^cLynda Juall Carpenito-Moyet ; บรรณาธิการ, วรรณี ตปนียากร, งามนิตย์ รัตนานุกูล
246 31 Nursing care plans & documentation : Nursing diagnoses andcollaborative problems
250    พิมพ์ครั้งที่ 1
260    กรุงเทพฯ :^bไอกรุ๊ป เพรส,^c2552
300    644 หน้า ;^c26 ซม.
500    โครงการสวัสดิการวิชาการ สถาบันพระบรมราชชนก
650  7 ผู้ป่วย, การวางแผนดูแล
650  7 การพยาบาล, การจัดการ
650  7 บันทึกการพยาบาล
700 0  วรรณี ตปนียากร,^eบรรณาธิการ
700 0  งามนิตย์ รัตนานุกูล,^eบรรณาธิการ
700 12 Carpenito-Moyet, Lynda Juall.^tNursing care plans &documentation :^bNursing diagnoses and collaborative problems
710 2   สถาบันพระบรมราชชนก
945    ^p600^l0^i025037
945    ^p600^l0^i025035
945    ^p600^l0^i025864
945    ^p600^l0^i025863
945    ^p600^l0^i025862
945    ^p600^l0^i029425
945    ^p600^l0^i029426
945    ^p600^l0^i029427
945    ^p600^l0^i025036
945    ^p600^l0^i025038
995    เกษร
999 ^a ใช้งานได้ทุกระบบ
รายการนี้ยังไม่มีแท็ก
คุณยังไม่ได้ล็อกอิน คุณสามารถมีกิจกรรมร่วมกับเว็บไซต์ได้ แต่ต้องล็อกอินก่อน ::
  ล็อกอิน

รายการสื่อสารสนเทศ

ลำดับที่ ประเภท เลขเรียก/บาร์โค้ด สถานที่ สถานะ
1. วิทยาศาสตร์การแพทย์ และสุขภาพ
วิทยาศาสตร์การแพทย์ และสุขภาพ
WY100 ค336ก 2552 ล.2 ฉ.10 
  Barcode: 029427
ห้องสมุดวิทยาเขตสวรรค์ประชารักษ์
►ส่วนจัดเก็บหนังสือเก่า สปร
บนชั้น
  ขอยืม
2. วิทยาศาสตร์การแพทย์ และสุขภาพ
วิทยาศาสตร์การแพทย์ และสุขภาพ
WY100 ค336ก 2552 ล.2 ฉ.5 
  Barcode: 025862
ห้องสมุดวิทยาเขตสวรรค์ประชารักษ์
►ส่วนจัดเก็บหนังสือเก่า สปร
บนชั้น
  ขอยืม

รายการใกล้เคียง
    ผู้แต่ง [คาร์เปนนิโต-โมเยท, ลินดา จูอัล]

    หัวเรื่อง [ผู้ป่วย, การวางแผนดูแล]
    หัวเรื่อง [การพยาบาล, การจัดการ]
    หัวเรื่อง [บันทึกการพยาบาล]

BibComment


ยังไม่เคยถูกคอมเมนท์

คอมเมนท์ทรัพยากรรายการนี้
  คอมเมนท์: การวางแผนและบันทึ..


 Copyright 2026. Bcnsprnw @Library